Villarreal players (2010-2020) - Statistics

General Stats
  • This quiz has been taken 6 times
  • The average score is 68 of 191
Answer Stats
Rank Player Positions Nationality Matches Goals (assists) Period % Correct
76 Alberto Moreno LB 18 0 (0) 2019-2020
100%
25 Denis Cheryshev LW 61 6 (11) 2014-2015, 2016-2018
100%
10 Gerard Moreno ST 110 36 (12) 2012-2013, 2014-2015, 2018-2020
100%
41 Gerard Moreno ST 5 1 (0) 2010-2012
100%
92 Joselu Moreno ST 11 0 (1) 2011-2012
100%
12 Joselu Moreno ST 34 12 (3) 2010-2012
100%
3 Bruno Soriano DM 242 25 (16) 2010-2017, 2019-2020
80%
15 Carlos Bacca ST 87 23 (10) 2017-2020
80%
54 Denis Suárez AM 33 4 (6) 2015-2016
80%
28 Giovani dos Santos CF 57 12 (11) 2013-2015
80%
14 Jonathan dos Santos DM 88 4 (5) 2014-2017
80%
114 Leo Suárez RW 4 0 (0) 2016-2018
80%
56 Luciano Vietto ST 32 12 (2) 2014-2015
80%
2 Manu Trigueros CM 259 18 (18) 2012-2020
80%
22 Manu Trigueros CM 26 4 (5) 2010-2012
80%
52 Raúl Albiol CB 36 1 (0) 2019-2020
80%
29 Roberto Soriano AM 55 9 (7) 2016-2018
80%
23 Rodri DM 63 1 (4) 2015-2018
80%
5 Sergio Asenjo GK 186 0 (0) 2013-2020
80%
129 Aleix García CM 1 0 (0) 2014-2015
60%
86 Alexandre Pato ST 14 2 (3) 2016-2017
60%
46 Alfonso Pedraza LB 38 3 (4) 2014-2016, 2018-2019
60%
13 Álvaro González CB 89 2 (5) 2016-2019
60%
63 Andrés Fernández GK 28 0 (1) 2016-2020
60%
19 Cédric Bakambu ST 75 31 (5) 2015-2018
60%
71 Enes Ünal ST 23 5 (2) 2017-2018
60%
37 Gonzalo Rodríguez CB 49 2 (0) 2010-2012
60%
16 Ikechukwu Uche ST 85 34 (5) 2012-2015
60%
21 Iriome González RW 27 1 (1) 2011-2012
60%
58 Joan Capdevila LB 31 2 (0) 2010-2011
60%
32 Karl Toko Ekambi ST 52 16 (4) 2018-2020
60%
49 Manuel Torres RW 2 0 (0) 2010-2011
60%
85 Mariano Barbosa GK 15 0 (0) 2015-2016, 2017-2018
60%
115 Mario González ST 4 0 (0) 2016-2018
60%
6 Mateo Musacchio CB 182 7 (9) 2010-2017
60%
99 Óliver Torres CM 9 0 (1) 2013-2014
60%
126 Pablo González AM 2 0 (0) 2012-2013
60%
45 Pablo González AM 4 0 (0) 2011-2012
60%
51 Pau Torres CB 36 2 (1) 2017-2018, 2019-2020
60%
23 Pere Martínez RB 26 1 (3) 2011-2012
60%
103 Roger Martínez ST 8 1 (0) 2017-2018
60%
24 Samuel Chukwueze RW 63 8 (5) 2018-2020
60%
83 Samu García RW 16 2 (2) 2015-2016
60%
11 Santi Cazorla CM 107 20 (29) 2010-2011, 2018-2020
60%
27 Toño García LB 18 0 (1) 2011-2012
60%
57 Adrián López ST 31 6 (5) 2015-2017
40%
130 Álex Baena LW 1 0 (0) 2019-2020
40%
45 Ángel López RB 39 1 (4) 2010-2012
40%
27 Antonio Rukavina RB 60 0 (0) 2014-2018
40%
38 Carlos Marchena CB 45 1 (2) 2010-2012
40%
123 César Sánchez GK 2 0 (0) 2011-2012
40%
43 Daniele Bonera CB 40 0 (1) 2015-2019
40%
20 Diego López GK 75 0 (0) 2010-2012
40%
8 Fernando Llorente AM 37 1 (1) 2010-2012
40%
125 Fran Sol ST 2 0 (0) 2014-2015
40%
40 Giuseppe Rossi ST 45 21 (7) 2010-2012
40%
36 Héctor Sánchez LB 9 0 (0) 2010-2011
40%
4 Jaume Costa LB 197 5 (10) 2011-2019
40%
3 Jaume Costa LB 65 3 (3) 2010-2012
40%
42 Jérémy Perbet ST 44 21 (6) 2012-2014
40%
82 Joel Campbell RW 16 1 (0) 2014-2015
40%
44 Juan Carlos GK 40 0 (1) 2012-2015
40%
31 Kike López RB 15 0 (1) 2011-2012
40%
74 Manu Morlanes CM 19 0 (4) 2018-2020
40%
134 Marcos Gullón CM 1 0 (0) 2010-2011
40%
4 Marcos Gullón CM 49 6 (0) 2010-2012
40%
17 Marcos Senna DM 84 11 (3) 2010-2013
40%
1 Mario Gaspar CB 299 10 (22) 2010-2020
40%
38 Mario Gaspar CB 8 0 (0) 2010-2011
40%
9 Moi Gómez LW 113 12 (15) 2011-2015, 2019-2020
40%
24 Moi Gómez LW 24 4 (2) 2010-2012
40%
78 Mubarak Wakaso CM 17 0 (0) 2010-2012
40%
43 Mubarak Wakaso CM 5 1 (0) 2010-2011
40%
30 Nicola Sansone LW 53 14 (6) 2016-2019
40%
33 Nilmar ST 52 15 (4) 2010-2012
40%
22 Pablo Fornals CM 70 5 (15) 2017-2019
40%
48 Roberto Soldado ST 38 9 (15) 2015-2017
40%
67 Rubén Peña RB 26 2 (2) 2019-2020
40%
54 Sergi Gómez CM 1 0 (0) 2010-2011
40%
7 Víctor Ruiz CB 137 3 (4) 2014-2019
40%
75 Adrián Marín LB 18 0 (0) 2014-2016, 2017-2018
20%
5 Airam Cabrera ST 48 8 (1) 2010-2012
20%
128 Aitor Cantalapiedra AM 1 0 (0) 2016-2017
20%
87 Alejandro Martinuccio ST 13 1 (0) 2011-2012
20%
95 Aleksandar Pantic CB 9 0 (0) 2013-2014
20%
96 Alfred N'Diaye DM 9 0 (1) 2016-2018
20%
55 Alphonse Areola GK 32 0 (0) 2015-2016
20%
35 Ángel Ortega CB 9 0 (0) 2010-2011
20%
69 Bojan Jokic LB 24 0 (1) 2013-2016
20%
21 Borja Valero CM 71 8 (15) 2010-2012
20%
8 Cani LW 135 11 (18) 2010-2015
20%
131 Carlos Tomás CB 1 0 (0) 2010-2011
20%
17 Carlos Tomás CB 31 0 (0) 2010-2012
20%
39 Chechu Dorado CB 45 0 (1) 2012-2015
20%
112 Chuca AM 4 0 (0) 2017-2018
20%
106 Cicinho RB 6 0 (0) 2010-2011
20%
104 Cote LB 7 0 (1) 2016-2017
20%
64 Cristian Zapata CB 28 0 (1) 2011-2012
20%
124 Cristóbal Márquez CM 2 0 (0) 2010-2011
20%
60 Dani Raba RW, CF 29 2 (5) 2017-2019
20%
108 Dani Toribio CM 5 0 (0) 2012-2013
20%
13 Dani Toribio CM 33 0 (0) 2011-2012
20%
132 Darío Poveda ST 1 0 (0) 2017-2018
20%
50 Diego Jiménez CB 1 0 (0) 2011-2012
20%
97 Diego Mariño GK 9 0 (0) 2012-2013
20%
1 Diego Mariño GK 72 0 (0) 2010-2012
20%
26 Dorian Dervite CB 23 0 (0) 2010-2012
20%
118 Edu Ramos CM 3 0 (0) 2013-2014
20%
32 Edu Ramos CM 13 1 (0) 2011-2012
20%
53 Eric Bailly CB 35 0 (0) 2014-2016
20%
48 Esteban Orfano RM 2 0 (0) 2011-2012
20%
30 Facundo Coria AM 15 3 (0) 2010-2011
20%
44 Fernando Barrientos CM 4 0 (0) 2011-2012
20%
77 Fernando Cavenaghi ST 18 4 (1) 2012-2013
20%
39 Fernando Guerrero LW 7 0 (0) 2011-2012
20%
109 Fer Niño ST 5 1 (0) 2019-2020
20%
110 Florian Lejeune CB 5 0 (0) 2011-2013
20%
20 Florian Lejeune CB 27 2 (0) 2011-2012
20%
34 Fofo CF 10 2 (1) 2010-2012
20%
50 Frank Anguissa CM 36 2 (2) 2019-2020
20%
49 Gabriel Paulista CB 37 0 (0) 2013-2015
20%
100 Gerard Bordas ST 8 0 (0) 2011-2013
20%
9 Gerard Bordas ST 36 9 (1) 2010-2012
20%
93 Gonzalo Castellani CM 10 0 (1) 2011-2012
20%
19 Gonzalo Castellani CM 29 0 (0) 2010-2012
20%
119 Guillem Truyols CB 3 0 (0) 2012-2013
20%
18 Guillem Truyols CB 31 2 (1) 2010-2012
20%
89 Héctor Canteros CM 12 2 (3) 2012-2013
20%
34 Hernán Pérez RW 50 7 (3) 2011-2014
20%
14 Hernán Pérez RW 33 4 (0) 2010-2011
20%
10 Iago Falque RW 36 11 (0) 2010-2011
20%
41 Javier Aquino RB 44 1 (6) 2012-2014
20%
65 Javier Camuñas RW 27 1 (2) 2011-2012
20%
107 Javier Espinosa CM 6 1 (0) 2014-2015
20%
90 Javier Farinós DM 11 1 (1) 2012-2013
20%
91 Javier Matilla CM 11 0 (0) 2010-2011
20%
81 Javi Fuego DM 16 0 (0) 2017-2019
20%
59 Javi Ontiveros LW 30 2 (2) 2019-2020
20%
84 Javi Venta RB 15 0 (2) 2012-2013
20%
98 Jefferson Montero LW 9 1 (1) 2010-2011
20%
35 Joan Oriol LB 50 0 (3) 2010-2013
20%
120 Joan Román AM 3 0 (0) 2013-2014
20%
73 Jonathan de Guzmán CM 19 0 (1) 2011-2012
20%
36 Jonathan Pereira ST 50 11 (12) 2012-2014
20%
47 Jordi Pablo RM 3 0 (0) 2011-2012
20%
133 Jorge Palatsí GK 1 0 (0) 2012-2013
20%
37 Jorge Palatsí GK 8 0 (0) 2011-2012
20%
61 José Manuel Catalá LB 29 1 (3) 2010-2012
20%
51 José Segovia GK 1 0 (0) 2010-2011
20%
121 Jozy Altidore ST 3 0 (0) 2010-2011
20%
52 Juan Cámara AM 1 0 (0) 2011-2012
20%
111 Juanma RW 5 0 (1) 2012-2013
20%
28 Juanto Ortuño ST 16 1 (1) 2011-2012
20%
113 Kiko Olivas CB 4 0 (0) 2010-2011
20%
2 Kiko Olivas CB 71 3 (2) 2010-2012
20%
66 Léo Baptistão ST 26 3 (2) 2015-2016
20%
16 Lucas Porcar AM 32 5 (2) 2011-2012
20%
11 Mano RB 36 0 (0) 2010-2012
20%
122 Manuel Iturra DM 3 0 (0) 2018-2019
20%
26 Marco Ruben ST 61 14 (6) 2010-2012
20%
7 Marquitos AM 38 2 (0) 2010-2011
20%
70 Matías Nahuel LW 24 0 (2) 2013-2014, 2015-2016
20%
42 Maurício Alves RW 5 0 (0) 2010-2012
20%
101 Miguel Layún RB 8 0 (1) 2018-2019
20%
102 Miguel Llambrich RB 8 0 (0) 2018-2019
20%
135 Natxo Insa CM 1 0 (0) 2010-2011
20%
6 Natxo Insa CM 40 0 (0) 2010-2011
20%
136 Nicki Bille ST 1 0 (0) 2010-2011
20%
15 Nicki Bille ST 33 5 (0) 2010-2011
20%
25 Nico Cháfer AM 24 0 (0) 2010-2012
20%
62 Olof Mellberg CB 29 2 (0) 2012-2013
20%
94 Pablo Iñiguez CB 10 0 (0) 2012-2014
20%
40 Pablo Iñiguez CB 6 0 (0) 2011-2012
20%
88 Paco Alcácer ST 13 4 (2) 2019-2020
20%
29 Pedro Vázquez RW 16 0 (1) 2011-2012
20%
53 Pepe Palau CM 1 0 (0) 2011-2012
20%
79 Rafael Borré ST 17 2 (1) 2016-2017
20%
47 Ramiro Funes Mori CB 38 2 (1) 2018-2020
20%
116 Ramiro Guerra CM 4 0 (0) 2017-2018
20%
117 Rúben Semedo CB 4 0 (0) 2017-2018
20%
137 Salem Al-Dawsari LW 1 0 (0) 2017-2018
20%
12 Samu Castillejo RW 91 9 (11) 2015-2018
20%
72 Santiago Cáseres DM 23 0 (1) 2018-2019
20%
105 Sergio Marcos CM 7 0 (0) 2014-2015
20%
127 Soufiane Chakla CB 2 0 (0) 2019-2020
20%
33 Tiago Dutra DM 11 0 (0) 2010-2012
20%
18 Tomás Pina CM 84 2 (4) 2013-2016
20%
46 Vicente Flor GK 4 0 (0) 2010-2011
20%
31 Vicente Iborra DM 53 4 (3) 2018-2020
20%
80 Walter Pandiani ST 17 2 (0) 2012-2013
20%
68 Xavi Quintillà LB 26 0 (2) 2018-2020
20%
No matching quizzes found
Score Distribution
Percent of People with Each Score
Percentile by Number Answered
Your Score History
You have not taken this quiz